000 00271nam a22001217a 4500
008 230501b |||||||| |||| 00| 0 eng d
100 _aM.P. Tandon
245 _aComparative Law
260 _aHaryana
_bALA
_c2005
300 _a103
546 _aEnglish
942 _2ddc
_cBK
999 _c19944
_d19944